000 00734nam a2200253Ia 4500
003 OSt
005 20221005074359.0
006 a|||||r|||| 00| 0
007 ta
008 221004b |||||||| |||| 00| 0 urd d
020 _a9789383282722 (hbk)
_c225
024 _a25601
037 _b1549, 19/02/2016, M.R.Publications
_cTextual
040 _aCRL
_cCRL
_burd
041 _2urd
_aurd
082 _aO168,1NALx, Q5
100 _aAlvi Ahmad
_9608768
245 0 _aSifar
_b Poetry collection
260 _aNew Delhi
_bM.R. India
_c2015
300 _a152p.
_ccm.
650 _aURDU POETRY
942 _hO168,1NALx, Q5
_cTEXL
_2cc
999 _c982590
_d982590